Campesino : the diary of a Guatemalean.
Salvato in:
| Natura: | Sconosciuto |
|---|---|
| Lingua: | English |
| Pubblicazione: |
Estados Unidos :
The University of Arizona Press,
1985.
|
| Soggetti: | |
| Tags: |
Aggiungi Tag
Nessun Tag, puoi essere il primo ad aggiungerne!!
|
MARC
| LEADER | 000000000a22000000004500 | ||
|---|---|---|---|
| 001 | 002959 | ||
| 020 | |a 0816508143 | ||
| 041 | 0 | |a eng | |
| 082 | 0 | 4 | |a 972.810.049.7 |b C197c |
| 245 | 0 | 0 | |a Campesino : |b the diary of a Guatemalean. |
| 260 | 1 | |a Estados Unidos : |b The University of Arizona Press, |c 1985. | |
| 300 | |a 448 páginas ; |c 21 cm. | ||
| 650 | 4 | |a NOVELA TESTIMONIAL | |
| 650 | 4 | |a CONDICIONES SOCIALES | |
| 650 | 4 | |a INDIOS DE AMERICA CENTRAL | |
| 650 | 4 | |a BIOGRAFIA | |
| 650 | 4 | |a TZOTZILS | |
| 650 | 4 | |a GUATEMALA | |
| 999 | |c 9283 |d 9283 | ||
| 942 | |c BK |h 972.810.049.7 C197c |2 z | ||



